000 00555nam a2200229Ia 4500
003 OSt
005 20220918194601.0
006 a|||||r|||| 00| 0
007 ta
008 220917b |||||||| |||| 00| 0 eng d
024 _a80,308
037 _cTextual
040 _aARTS
_cARTS
_beng
041 _2eng
_aeng
082 _aS:43, H8
100 _aSartre Jean-Paul
_914958
245 0 _aPsychology of imagination
260 _c1948
650 _aPSYCHOLOGY
942 _hS:43, H8
_cTEXL
_2CC
999 _c204034
_d204034